<?xml version="1.0" encoding="UTF-8"?>
<record
    xmlns:xsi="http://www.w3.org/2001/XMLSchema-instance"
    xsi:schemaLocation="http://www.loc.gov/MARC21/slim http://www.loc.gov/standards/marcxml/schema/MARC21slim.xsd"
    xmlns="http://www.loc.gov/MARC21/slim">

  <leader>00597nam a22001937a 4500</leader>
  <datafield tag="999" ind1=" " ind2=" ">
    <subfield code="c">169956</subfield>
    <subfield code="d">169956</subfield>
  </datafield>
  <controlfield tag="005">20191213161336.0</controlfield>
  <datafield tag="010" ind1=" " ind2=" ">
    <subfield code="a">806459</subfield>
  </datafield>
  <datafield tag="020" ind1=" " ind2=" ">
    <subfield code="c">10.00</subfield>
  </datafield>
  <datafield tag="035" ind1=" " ind2=" ">
    <subfield code="a">806459</subfield>
  </datafield>
  <datafield tag="037" ind1=" " ind2=" ">
    <subfield code="b">BPPD/Pub.</subfield>
  </datafield>
  <datafield tag="082" ind1=" " ind2=" ">
    <subfield code="a">611</subfield>
  </datafield>
  <datafield tag="100" ind1=" " ind2=" ">
    <subfield code="a">&#x62E;&#x648;&#x627;&#x62C;&#x627; &#x631;&#x636;&#x648;&#x627;&#x646; &#x627;&#x62D;&#x645;&#x62F;</subfield>
  </datafield>
  <datafield tag="245" ind1=" " ind2=" ">
    <subfield code="a">&#x645;&#x646;&#x627;&#x641;&#x6CC;&#x639;&#x648;&#x644; &#x627;&#x639;&#x636;&#x627;&#x621; &#x645;&#x648;&#x635;&#x648;&#x648;&#x6CC;&#x631; /</subfield>
    <subfield code="c">&#x62E;&#x648;&#x627;&#x62C;&#x627; &#x631;&#x636;&#x648;&#x627;&#x646; &#x627;&#x62D;&#x645;&#x62F;</subfield>
  </datafield>
  <datafield tag="246" ind1=" " ind2=" ">
    <subfield code="a">Manafiul Aza Musawwir (Urdu) /</subfield>
    <subfield code="b">by Khwaja Rizwan Ahmed</subfield>
  </datafield>
  <datafield tag="260" ind1=" " ind2=" ">
    <subfield code="a">Delhi</subfield>
    <subfield code="c">1946 &#x621;</subfield>
  </datafield>
  <datafield tag="270" ind1=" " ind2=" ">
    <subfield code="a">Darul Talifat Ajmal Road, Karol Bagh</subfield>
    <subfield code="b">Delhi</subfield>
  </datafield>
  <datafield tag="300" ind1=" " ind2=" ">
    <subfield code="a">567p.</subfield>
    <subfield code="c">20cm(Hb)</subfield>
  </datafield>
  <datafield tag="942" ind1=" " ind2=" ">
    <subfield code="2">ddc</subfield>
    <subfield code="c">UR</subfield>
    <subfield code="h">611</subfield>
    <subfield code="m">&#x200F;&#x631; &#x636; &#x648;</subfield>
  </datafield>
  <datafield tag="952" ind1=" " ind2=" ">
    <subfield code="0">0</subfield>
    <subfield code="1">0</subfield>
    <subfield code="4">0</subfield>
    <subfield code="7">0</subfield>
    <subfield code="8">NFIC</subfield>
    <subfield code="a">L</subfield>
    <subfield code="b">L</subfield>
    <subfield code="d">2019-12-09</subfield>
    <subfield code="e">BPPD/Ven.</subfield>
    <subfield code="g">10.00</subfield>
    <subfield code="l">0</subfield>
    <subfield code="o">611 &#x200F;&#x631; &#x636; &#x648;</subfield>
    <subfield code="p">806459</subfield>
    <subfield code="r">2019-12-09 00:00:00</subfield>
    <subfield code="t">1</subfield>
    <subfield code="v">10.00</subfield>
    <subfield code="w">2019-12-09</subfield>
    <subfield code="y">UR</subfield>
  </datafield>
</record>
